[Event "FICGS class A 000081 email"]
[Site "FICGS email"]
[Date "2010.11.11"]
[Round "1"]
[White "Stockhammar, Paer"]
[Black "Leon, Andres E"]
[Result "1/2-1/2"]
[WhiteElo "2004"]
[BlackElo "2057"]
[PlyCount "52"]
[EventDate "2010.??.??"]
[EventType "tourn (corr)"]
[EventRounds "6"]
[SourceTitle "Corr 2013"]
[Source "ChessBase"]
[SourceDate "2012.11.12"]
[SourceVersion "1"]
[SourceVersionDate "2012.11.12"]
[SourceQuality "1"]

1. d4 Nf6 2. Nf3 g6 3. c4 Bg7 4. Nc3 0-0 5. e4 d6 6. Be2 e5 7. dxe5 dxe5 8. Qxd8 Rxd8 9. Bg5 Re8 10. Nd5 Nxd5 11. cxd5 c6 12. Bc4 cxd5 13. Bxd5 Na6 14. 0-0 Nc7 15. Bb3 Be6 16. Rfc1 Rec8 17. Bd8 Bxb3 18. Bxc7 Be6 19. Bxe5 Rxc1+ 20. Rxc1 Bxe5 21. Nxe5 Rd8 22. a3 Rd2 23. b4 Ra2 24. f4 Rxa3 25. Rc7 b5 26. Nc6 Ra1+ 1/2-1/2

[Event "FICGS class B 000112 email"]
[Site "FICGS email"]
[Date "2010.06.02"]
[Round "1"]
[White "Stockhammar, Paer"]
[Black "Panov, Dmitry"]
[Result "1-0"]
[WhiteElo "1955"]
[BlackElo "1995"]
[PlyCount "45"]
[EventDate "2010.??.??"]
[EventType "tourn (corr)"]
[EventRounds "5"]
[SourceTitle "Corr 2013"]
[Source "ChessBase"]
[SourceDate "2012.11.12"]
[SourceVersion "1"]
[SourceVersionDate "2012.11.12"]
[SourceQuality "1"]

1. f4 d5 2. Nf3 Nf6 3. e3 e6 4. Be2 c5 5. 0-0 Nc6 6. b3 Bd6 7. Bb2 0-0 8. Ne5 Bc7 9. Qe1 Nxe5 10. fxe5 Nd7 11. d4 Qg5 12. Bd3 b6 13. Rf3 Bb7 14. a4 f5 15. Rg3 Qh6 16. Nc3 Rac8 17. Rh3 Qg5 18. Rg3 Qh6 19. a5 Bd8 20. Nb5 Ra8 21. Nd6 Bc6 22. Rh3 Qg5 23. Qe2 1-0